| 000 | 01342nam a2200217Ia 4500 | ||
|---|---|---|---|
| 003 | Ost | ||
| 005 | 20260507075338.0 | ||
| 008 | 260507s9999||||xx |||||||||||||| ||und|| | ||
| 040 | _cfsecg | ||
| 041 | _aara | ||
| 082 | _a330 | ||
| 100 |
_aسعيد، عامر علي _eمؤلف |
||
| 245 | 0 |
_aمقدمة في الاقتصاد الجزئي / _c عامر علي سعيد |
|
| 260 |
_aعمان: _bدار البداية للنشر والتوزيع, _c2010 |
||
| 300 |
_a368 صفحة؛ _bإيضاحات ؛ _c25 سم |
||
| 504 | _aالمصطلحات الانجليزية ص.361 | ||
| 520 | _aعلم الاقتصاد و المشكلة الاقتصادية ، التحليل الاقتصادي الجزئي : نظرية القيمة والنظرية العامة للطلب و مرونته و النظرية العام للعرض و مرونته ، نظرية الثمن و توازن السوق التنافسية و نظرية سلوك المستهلك ، نظرية المنتج : نظرية الانتاج و نظرية تكاليف الانتاج و دوال ( منحنيات) الايراد للوحدة الانتاجية و توازن الوحدة الانتاجية ( المشروع) في سوق السلعة و نظرية التوزيع | ||
| 653 | _aالاقتصاد | ||
| 653 | _aالاقتصاد الجزئي | ||
| 942 | _cكتاب | ||
| 999 |
_c44070 _d44070 |
||